000 00810na a2200289 4500
001 23244
003 MIRAKIL
005 20181213155335.0
008 181030b tu 000 0
020 _a9789752201354
040 _aMilas
_btur
_cTR-AnCHP
041 _atur
082 _a331.88
_bK61b 2005
090 _a331.88 KOÇb 2005
100 _aKoç, Yıldırım
245 _aBatılı işçi sömürüye ortak
_b(Burjuva proletarya)
_cYıldırım Koç
246 _a(Burjuva proletarya)
260 _aAnkara
_bBilgi Yayınevi
_c2005
300 _a243 s.
_btbl.
_c21 sm.
490 _aBir millet uyanıyor dizisi
_v3
504 _aKaynakça var.
650 _aEmperyalizm
650 _aEmek ekonomisi
650 _aİşçi sendikaları
740 _a(Burjuva proletarya)
942 _2ddc
_cBKS
999 _c10839
_d10839